00918nam a2200229Ia 4500001001000000003000500010008004100015010001100056040000900067100002700076245020000103260003400303300001000337502010600347650002800453650002700481650003200508650002900540650003800569700003100607710005000638Para_9590CHAP220125s2009 xx 000 0 und d a206382 cCHAP aMonteon Ojeda, Abraham aHongos asociados a la semilla de trigo (Triticum aestivum L.) de temporal en diferentes tipos de labranza (convencional y conservación) /c por Abraham Monteon Ojeda y Amado Pérez Rodríguez aChapingo, Méx. :b el autor a95 h. aTesis (Ing. Agr. Esp. en Parasitología Agrícola) -- UACh. Departamento Parasitología Agrícola aHongos fitopatógenos  aLabranza convencional  aLabranza de conservación  aSemillas x enfermedades aTrigo x enfermedades por hongos  aPérez Rodríguez, Amado aUACh. Departamento Parasitología Agrícola